|
|
|
|
| LEADER |
00000nam a22000007a 4500 |
| 005 |
20220511003143.0 |
| 007 |
cr|||| |||| |
| 008 |
220511s2021 br |||||s|||| 00||0 por d |
| 020 |
|
|
|a 978-84-123671-1-9
|
| 035 |
|
|
|a 35640
|
| 040 |
|
|
|a vLex
|
| 090 |
|
|
|c 13320
|d 13320
|
| 100 |
1 |
|
|a Ld̕ice, Roberta
|
| 245 |
1 |
1 |
|a O contrato de adesô como instrumento regulatr̤io nas relaė̳s consumeristas e empresariais
|h [Recurso electrn̤ico] /
|c Roberta Ld̕ice
|
| 256 |
|
|
|a Servicio en ln̕ea
|
| 260 |
|
|
|a Barcelona:
|b J.M. Bosch Editor,
|c 2021
|
| 300 |
|
|
|a 1 recurso electrn̤ico
|
| 500 |
|
|
|a Esta segunda ediȯ̂ do livro "O Contrato de Adesô Como Instrumento Regulatr̤io nas Relaė̳s Consumeristas e Empresariais" tem como objetivo aproximar o leitor ao estudo do contrato de adesô e sua regulaȯ̂ ̉luz do Direito do Consumidor e do Direito Empresarial, ressaltando assim a importńcia das contrataė̳s em massa para a consolidaȯ̂ da sociedade de consumo neste mercado atual e dinḿico. Neste contexto, pretende-se demonstrar as possv̕eis clùsulas abusivas no referido contrato, a fim de que o fornecedor nô seja favorecido em detrimento do consumidor, buscando estabelecer o equilb̕rio entre as partes contratantes, destacando que a clùsula contratual deve ser interpretada sob a t̤ica de ser mais favorv̀el q̉uele que nô redigiu o contrato.
|
| 506 |
1 |
|
|a Disponible solo en los productos indicados
|d vLex Global
|d vLex Global (Academic Edition, excluding Law Schools)
|d vLex Global (U.S. Academic Edition, Law Schools)
|d vLex Global (U.S. Academic Edition, excluding Law Schools)
|d vLex Global (Academic Edition, Law Schools)
|
| 650 |
0 |
4 |
|a Derecho Mercantil y de la Empresa
|z Brasil
|
| 650 |
0 |
4 |
|a Sociedades
|z Brasil
|
| 740 |
0 |
|
|a vLex Libros (Servicio en ln̕ea)
|
| 856 |
4 |
0 |
|u https://app.vlex.com/#/sources/35640
|z Acceso restringido
|
| 942 |
|
|
|c BOOK
|
| 999 |
0 |
|
|a Commercial and Company Law
|
| 999 |
0 |
|
|a Companies
|